European Capitals - Map Without Borders Quiz - Statistics

General Stats
  • This quiz has been taken 4,395 times
    1,747 since last reset
  • The average score is 35 of 44
Answers on the Map
Answers color-coded by a green-red scale on the quiz's map according to % correct below.
 
Answer Stats
Answer % Correct
Dublin
95%
London
95%
Amsterdam
93%
Andorra la Vella
93%
Lisbon
93%
Madrid
93%
Athens
92%
Paris
92%
Reykjavik
91%
Brussels
90%
Monaco
90%
Rome/Vatican
88%
San Marino
87%
Luxembourg
86%
Copenhagen
83%
Helsinki
82%
Moscow
82%
Oslo
82%
Berlin
81%
Stockholm
81%
Bern
80%
Valletta
78%
Warsaw
78%
Kiev
77%
Minsk
74%
Vienna
73%
Zagreb
73%
Prague
72%
Riga
72%
Sofia
72%
Tallinn
72%
Ljubljana
70%
Tirana
70%
Budapest
69%
Belgrade
68%
Bucharest
68%
Sarajevo
68%
Vilnius
68%
Skopje
66%
Chisinau
63%
Podgorica
63%
Vaduz
63%
Bratislava
62%
Pristina
62%
No matching quizzes found
Score Distribution
Percent of People with Each Score
Percentile by Number Answered
Your Score History
You have not taken this quiz since the last reset